Três enforcados numa corda (Record no. 45804)

MARC details
000 -Etiqueta do registo
Valores 00663nam a2200217 04500
100 ## - Dados gerais de processamento
Dados gerais 19990108f19401945m y0pory50030103ba
101 1# - Língua de publicação
Língua por
102 ## - País de publicação
País PT
200 1# - Titulo e menção de responsabilidade
Título próprio Três enforcados numa corda
Primeira menção de responsabilidade Herbert Gibbons
Outras menções de responsabilidade versão livre de Manuel de Morais
210 #9 - Publicação
Local de publicação Lisboa
Nome do editor Romano Torres,
Data de publicação [194-]
215 ## - Descrição física 
Paginação / Volumes 205, [3] p.
Dimensões 20 cm
225 2# - Colecção 
Título próprio da colecção Grandes mistérios, grandes aventuras
Indicação de volume 9
304 ## - Nota relativa ao título
Texto de nota Tít. orig.: Three hanged men on a rope
317 ## - Nota de proveniência
Texto da nota Arquivo da Editora Romano Torres
675 ## - CDU
Notação 821.111-312.4"19"
Edição BN
Língua por
700 #1 - Autor principal
Apelido Gibbons,
Nome Herbert
702 #1 - Autor secundário
Apelido Morais,
Nome Manuel
Função 730
801 #0 - Fonte de origem
País PT
Agência BN
Regras de catalogação RPC
990 ## - Elementos KOHA
Tipo de documento Livro
Holdings
Aquisição Empréstimo Código de barras Cota Permissão de empréstimo Tipo de documento
Biblioteca Municipal de Redondo Biblioteca Municipal de Redondo 057037 821.111-3 GIB   Livro

Powered by Koha